000 00323nam a2200145Ia 4500
100 _aCottrell A.
942 _cBK
654 _aIntroduction to Metallurgy
245 _aIntroduction to Metallurgy
260 _bEdward Arnold .
_aLondon
_c1982
082 _a669
_bCot
300 _a548
546 _aENGLISH
999 _c26939
_d26939